Classical function theory, operator dilation theory, and machine computation on multiply-connected domains /

Guardado en:
Autor Principal: Agler, Jim.
Otros Autores: Harland, John, 1959-, Raphael, Benjamin J., 1974-
Formato: Libro
Idioma:English
Publicado: Providence, R.I. : American Mathematical Society, c2008.
Series:Memoirs of the American Mathematical Society, no. 892
Materias:
Etiquetas: Agregar Etiqueta
Sin Etiquetas, Sea el primero en etiquetar este registro!
LEADER 01254cam a22003137a 4500
001 MAT.inmabb004816
008 070912s2008####riua#####b####000#0#eng##
005 20171012184807.0
245 1 0 |a Classical function theory, operator dilation theory, and machine computation on multiply-connected domains /  |c Jim Agler, John Harland, Benjamin J. Raphael. 
260 |a Providence, R.I. :  |b American Mathematical Society,  |c c2008. 
300 |a vii, 159 p. :  |b il. ;  |c 26 cm. 
440 0 |a Memoirs of the American Mathematical Society,  |x 0065-9266 ;  |v no. 892 
504 |a Incluye referencias bibliográficas (p. 157-159). 
500 |a "Volume 191, number 892 (second of 5 numbers)." 
510 4 |a MR,  |c 2009d:47011 
020 |a 9780821840467 
020 |a 0821840460 (alk. paper) 
100 1 |a Agler, Jim. 
700 1 |a Harland, John,  |d 1959- 
700 1 |a Raphael, Benjamin J.,  |d 1974- 
650 0 |a Geometric function theory. 
650 0 |a Operator theory. 
650 0 |a Dilation theory (Operator theory) 
650 0 |a Functional analysis. 
650 0 |a Analytic functions. 
084 |a 47A20 (30-02 30-04 30E20 46E15 47-02)  |2 msc2000 
010 |a  2007060555 
040 |a DLC  |c DLC  |d YDX  |d BAKER  |d BTCTA  |d YDXCP  |d NDD  |d DLC 
859 |k H  |p MAMS-892  |b BIB. MATEMATICA